| Tag |
First Indicator |
Second Indicator |
Subfields |
| LEADER |
00000cam a2200000 4500 |
| 001 |
in00000026435 |
| 005 |
20151007061255.0 |
| 008 |
750421s1931 nyu b 00010 eng u |
| 010 |
|
|
|a 31033150
|
| 035 |
|
|
|a (OCoLC)01290489
|
| 035 |
|
|
|9 AAD1631AM
|
| 040 |
|
|
|c DZM
|d TXA
|d UtOrBLW
|
| 049 |
|
|
|a TXAM
|c [50866]
|
| 050 |
0 |
0 |
|a PN771
|b .E3
|
| 082 |
0 |
|
|a 804
|
| 092 |
|
|
|a 804
|b E13
|
| 100 |
1 |
|
|a Eastman, Max,
|d 1883-1969.
|
| 245 |
1 |
4 |
|a The literary mind ;
|b its place in an age of science /
|c by Max Eastman.
|
| 264 |
|
1 |
|a New York,
|a London :
|b C. Scribners sons,
|c [1931]
|
| 264 |
|
4 |
|c [©1931]
|
| 300 |
|
|
|a ix pages, 2 ., 3-343 pages ;
|c 22 cm.
|
| 336 |
|
|
|a text
|b txt
|2 rdacontent
|
| 337 |
|
|
|a unmediated
|b n
|2 rdamedia
|
| 338 |
|
|
|a volume
|b nc
|2 rdacarrier
|
| 504 |
|
|
|a "Notes and references": pages 321-343.
|
| 650 |
|
0 |
|a Literature, Modern
|y 20th century
|x History and criticism.
|
| 650 |
|
0 |
|a Free verse.
|
| 650 |
|
0 |
|a Literature and science.
|
| 650 |
|
0 |
|a Humanism
|x History
|y 20th century.
|
| 650 |
|
0 |
|a Poetry
|x History and criticism.
|
| 650 |
|
0 |
|a Literature
|x Psychology.
|
| 999 |
|
|
|a MARS
|
| 999 |
f |
f |
|s 0ea9f2ac-3189-33b2-9340-6ea83f499832
|i b2182ec7-1141-3f79-9c62-16a69a8a8f01
|t 0
|
| 952 |
f |
f |
|p ric
|a Texas A&M University
|b Rellis Campus
|c Joint Library Facility
|d Remote Storage
|t 0
|e PN771 .E3
|h Library of Congress classification
|i unmediated -- volume
|m A14801191893
|
| 998 |
f |
f |
|a PN771 .E3
|t 0
|l Remote Storage
|